000 00771nam a2200253 a 4500
001 adlib96000001
003 ViArRB
005 200902210153555.7
008 960221s1955 dcuabcdjdbkoqu001 0deng d
020 _a
022 _a
040 _aAdlib
082 _a551.468.3:577.4
245 _aStudies on the ecology and productivity of saline lagoon
250 _a
260 _aCochin
_bCentral Marine Fisheries Research Institute
_c1985
300 _axv, 230p.
_c
500 _a
100 _aSilas Ebenezar A
_e
700 _a
_a
942 _cREF
653 _aOceanography
_aMarine biology
_aGeophysics
_alagoon
_asaline lagoon
952 _w2010-06-16
_pG0003512
_r2010-06-16
_40
_00
_bUL
_10
_o551.468.3:577.4 sil t
_d2010-06-16
_70
_yREF
_aUL
999 _c16242
_d16241